[Event "British KO-ch 2018"]
[Site "London"]
[Date "2018.12.09"]
[Round "1.1"]
[White "Howell, David W L"]
[Black "Haria, Ravi"]
[Result "1/2-1/2"]
[WhiteElo "2696"]
[BlackElo "2441"]
[Annotator "TA"]
[PlyCount "134"]
[EventDate "2018.12.09"]
[EventType "k.o."]
[EventCountry "ENG"]
[SourceTitle "playchess.com"]
[Source "ChessBase"]
[SourceQuality "1"]

{[%evp 25,134,12,32,31,31,22,34,37,58,69,73,41,27,35,60,30,64,64,66,64,144,138,136,84,105,66,97,56,59,58,68,54,57,38,56,56,56,41,69,59,59,58,141,64,106,103,146,146,137,-106,-126,-138,-130,-370,-347,-460,-465,-464,-452,-437,-364,-488,-515,-572,-459,-676,-622,-601,-591,-584,-541,-576,-561,-540,-522,-491,-497,-422,-241,-201,-151,-167,0,0,0,-107,-107,-107,-107,-107,-107,-107,-107,-107,-107,-107,-107,-123,-107,-107,-106,-79,-33,-36,-51,-55,0,0,0,0,0]} 1. c4 e6 2. Nf3 d5 3. g3 Nf6 4. Bg2 Be7 5. d4 O-O 6. Nc3 dxc4 7. Ne5 Nc6 8. Bxc6 bxc6 9. Nxc6 Qe8 10. Nxe7+ Qxe7 11. Qa4 c5 12. dxc5 {E06: Closed Catalan: Early deviations} Qxc5 13. Be3 Qh5 {LiveBook: 5 Games} (13... Qc7 14. O-O-O Ng4 15. Rd2 Nxe3 16. fxe3 Rb8 17. Rhd1 a5 18. Kb1 h6 19. Ka1 Rb4 {1-0 (49) Caruana,F (2822)-Nakamura,H (2777) Saint Louis 2018}) 14. f3 {White is slightly better.} Bb7 {[#]} 15. Kf2 $146 ({And not} 15. Qxc4 Bxf3 $1 {[%mdl 512]} 16. Rf1 Bg4 $17) ({Predecessor:} 15. O-O-O Nd5 16. Qa5 Rfd8 17. Rd2 f6 18. Rhd1 Rd6 19. Bc5 Nxc3 20. bxc3 {1-0 (73) Grachev,B (2628)-Geivondian,A (2399) Moscow 2016}) 15... Rfc8 16. Rad1 e5 17. h3 Qf5 18. Rd6 h5 19. Qa5 Rab8 20. Qxa7 Ba8 21. Rb6 $1 {[%cal Rb6b8]} Rxb6 22. Qxb6 ({Weaker is} 22. Bxb6 e4 $17) 22... Nd5 (22... Bc6 $14) 23. Nxd5 $16 Bxd5 24. Qd6 ({White should try} 24. a4) 24... Be6 25. Bd2 e4 26. Qf4 Qb5 27. Bc3 exf3 28. exf3 Rd8 29. Kg2 $40 {[%mdl 128] White is up to no good.} Qa4 30. Rc1 Rd5 31. a3 Qc6 32. Re1 Rd3 33. Re3 {Threatens to win with Qb8+.} Qd7 (33... f6 $14) 34. g4 (34. Qb8+ $16 Qd8 35. Qe5) 34... Rd5 35. Re2 h4 36. Qxc4 Qd6 37. f4 $2 {[#]} (37. Be1 $1 $16 {is necessary to keep the advantage.}) 37... Rd1 $1 $17 38. Rxe6 fxe6 {[%mdl 4096] Endgame KQR-KQB} 39. a4 $2 (39. Kf3 $17 {was called for.}) 39... Qb6 $19 {White must now prevent ...Qg1+.} 40. Kf3 Rh1 41. Ke2 Rh2+ 42. Kd3 Qd6+ 43. Bd4 Rxh3+ 44. Kc2 Rg3 45. a5 (45. Be5 $142 Qd5 46. Qxd5 exd5 47. a5) 45... h3 {Hoping for ...h2.} 46. Be5 Qd5 47. Qxd5 exd5 {KR-KB} 48. a6 h2 49. a7 h1=Q 50. a8=Q+ {KQR-KQB} Kh7 51. Qa4 Rg2+ (51... Qf3 $142 {( -> ...Qd3+)} 52. Kb1 Qd3+ 53. Ka2 Rxg4) 52. Kb3 Qd1+ 53. Kb4 Rc2 $2 (53... Qxg4 $19 54. Qb3 Qd7 55. Qd3+ Kg8) 54. Qd7 $11 {[%csl Ge5][%cal Rd7g7]} Rc4+ 55. Ka5 (55. Ka3 $1 $11 {was the only way to keep the balance.} Qa1+ 56. Kb3 Qd1+ 57. Ka3 Qa1+ 58. Kb3 Qd1+ 59. Ka3) 55... Qa1+ $17 56. Kb6 {[%csl Ge5][%cal Rd7g7]} Rb4+ 57. Kc5 {[%csl Ge5][%cal Rd7g7]} Qa5+ 58. Kd6 {[%csl Ge5][%cal Rd7g7]} Rb6+ 59. Ke7 {[#]} Qb4+ $1 60. Kf7 Rb7 61. Bc7 {[#] White wants to mate with Qf5+.} Qxf4+ $1 {[%mdl 512]} 62. Bxf4 Rxd7+ {KR-KB} 63. Ke6 Rd8 {And now ...d4 would win.} 64. Bc7 $1 {[%cal Rc7d8]} Rc8 65. Be5 Rc4 ({Better is} 65... Rc5 $15) 66. Kxd5 $11 Rxg4 {Strongly threatening ...g5.} 67. Bd6 Kg6 {Accuracy: White = 61%, Black = 49%.} 1/2-1/2

[Event "British KO-ch 2018"]
[Site "London"]
[Date "2018.12.09"]
[Round "1.1"]
[White "Jones, Gawain C B"]
[Black "Merry, Alan B"]
[Result "1-0"]
[WhiteElo "2682"]
[BlackElo "2429"]
[Annotator "TA"]
[PlyCount "79"]
[EventDate "2018.12.09"]
[EventType "k.o."]
[EventCountry "ENG"]
[SourceTitle "playchess.com"]
[Source "ChessBase"]
[SourceQuality "1"]

{[%evp 27,79,49,57,42,48,50,62,32,32,19,14,31,33,0,75,52,60,73,88,33,228,218,184,132,152,143,369,387,390,366,360,344,517,516,549,528,651,702,699,693,702,702,900,891,900,900,918,882,881,830,787,843,773,712]} 1. d4 e6 2. c4 c5 3. d5 exd5 4. cxd5 g6 5. e4 Bg7 6. Nc3 d6 7. Nf3 {[%cal Bg1f3,Bf3d2,Bd2c4,Bc4e3][%mdl 32]} Nf6 8. Be2 a6 9. a4 Bg4 10. Nd2 Bxe2 11. Qxe2 O-O 12. Nc4 Ne8 13. O-O Nd7 14. Bf4 {[%cal Bc1f4,Bf4g3,Bg3h4][%mdl 32] A75: Modern Benoni: Classical: 9...a6 10 a4 Bg4} Qe7 {LiveBook: 6 Games} 15. Rfe1 Rb8 16. Bg3 $146 {White is slightly better.} ({Predecessor:} 16. a5 Ne5 17. Bxe5 Bxe5 18. g3 Bd4 19. Kg2 {1-0 (41) Roeder,M (2450)-Tolnai,T (2490) Budapest 1990}) 16... Ne5 17. Ne3 f5 {Threatens to win with ...f4.} 18. f4 Nd7 19. exf5 gxf5 20. Kh1 Qf7 {[#]} (20... Nc7 $11 {keeps the balance.}) 21. Bh4 $1 $16 Qg6 22. Nc4 Rf7 23. Rad1 ({White should try} 23. Qf1 $16) 23... Nc7 $2 {[#]} (23... Qg4 $14 24. Qxg4 fxg4) 24. Rd3 $1 $18 {[%cal Rd3g3] Rg3 is the strong threat.} Re8 25. Qd1 (25. Qxe8+ $18 Nxe8 26. Rxe8+ Rf8 27. Re6) 25... Rxe1+ 26. Qxe1 b5 $2 (26... Bxc3 $16 27. Qxc3 Rg7) 27. Rg3 bxc4 28. Rxg6 hxg6 29. Bd8 Bxc3 (29... Nf8 $142 30. Be7 Ne8) 30. bxc3 {White is clearly winning.} Nf8 31. Qe2 Nxd5 32. Qxc4 Ne3 33. Qxa6 Rd7 34. Qc8 Nd1 35. a5 {[%cal Ba4a5,Ba5a6][%mdl 32]} Nxc3 36. a6 Nb5 37. Qb8 Na7 38. Bb6 Nb5 39. h3 Kf7 {[#]} 40. Bxc5 $1 {[%mdl 512] Accuracy: White = 72%, Black = 50%.} 1-0

[Event "British KO-ch 2018"]
[Site "London"]
[Date "2018.12.09"]
[Round "1.1"]
[White "Hawkins, Jonathan"]
[Black "McShane, Luke J"]
[Result "1/2-1/2"]
[WhiteElo "2583"]
[BlackElo "2664"]
[Annotator "TA"]
[PlyCount "92"]
[EventDate "2018.12.09"]
[EventType "k.o."]
[EventCountry "ENG"]
[SourceTitle "playchess.com"]
[Source "ChessBase"]
[SourceQuality "1"]

{[%evp 19,92,-5,11,14,10,8,11,7,7,0,14,0,2,0,0,0,0,-6,-5,-12,-8,-10,-8,-18,-9,-20,-11,-21,-21,-29,-26,-24,-35,-45,-40,-43,-39,-39,-39,-43,-43,-43,-39,-42,-35,-35,-36,-52,-27,-27,-27,-27,0,0,0,0,0,0,-4,-7,0,0,0,-8,0,-17,-8,-8,0,-14,0,-13,0,-33,0]} 1. e4 e5 2. Nf3 Nc6 3. Nc3 Nf6 4. d4 exd4 5. Nxd4 Bb4 6. Nxc6 bxc6 7. Bd3 d5 8. exd5 O-O 9. O-O cxd5 10. h3 {C47: Scotch Four Knights and Four Knights with 4 g3} Be7 {LiveBook: 4 Games} (10... c6 11. Qf3 Bd6 12. Bf4 Be6 13. Rfe1 Bxf4 14. Qxf4 Qb8 15. Qxb8 Raxb8 16. Na4 Nd7 17. b3 c5 {½-½ (35) Nakamura,H (2777)-So,W (2780) Saint Louis 2018}) 11. Bg5 h6 12. Bxf6 $146 {The position is equal.} ({Predecessor:} 12. Bf4 c5 13. Re1 Be6 14. Bf1 Qb6 15. b3 Rfd8 16. Qf3 Rac8 17. a4 c4 18. a5 Qc6 19. bxc4 dxc4 20. Qxc6 Rxc6 {1-0 (40) Sluka,R (2292)-Vrana,F (2282) Czechia 2013}) 12... Bxf6 13. Nxd5 $1 {next Qf3 is good for White.} Bxb2 ({Don't blunder} 13... Qxd5 $2 14. Bh7+ $1 {[%mdl 512]} Kxh7 15. Qxd5 $18) 14. Rb1 Rb8 15. Re1 {Strongly threatening Ne7+.} Be6 ({Avoid the trap} 15... Qxd5 $2 {[#]} 16. Bh7+ $1 {[%mdl 512]} Kxh7 17. Qxd5 $18) 16. c4 Bxd5 17. cxd5 Qf6 18. Qe2 Rb6 19. Qe4 {[%csl Gd3][%cal Re4h7]} g6 20. Re2 Rfb8 21. Rbe1 Kg7 22. Qe7 Qd6 (22... R8b7 {feels hotter.} 23. Qxf6+ Kxf6 24. g3 Ba3 25. Kg2 Bd6) 23. Qxd6 (23. Rc2 {is interesting.} R8b7 24. g3 Bf6 25. Qxd6 cxd6 26. Ree2) 23... cxd6 24. Re7 a5 25. a4 Bf6 26. R7e4 Rb2 27. R1e2 R8b3 28. Rxb2 Rxb2 $15 {[%mdl 4096] Endgame KRB-KRB} 29. g3 Rd2 30. Bc4 Be5 31. Re2 Rd4 32. Rc2 g5 33. Kg2 h5 34. Bb5 Rxd5 35. Rc7 Rd2 {Hoping for ...Bd4.} 36. Be8 Kf8 37. Bxf7 Bd4 38. Bxh5 Rxf2+ 39. Kh1 Rf1+ 40. Kg2 Rf2+ 41. Kh1 Bc5 42. Rd7 Rf1+ 43. Kg2 Rf2+ 44. Kh1 Rf1+ 45. Kg2 Rf2+ 46. Kh1 Rf1+ {Accuracy: White = 64%, Black = 55%.} 1/2-1/2

[Event "British KO-ch 2018"]
[Site "London"]
[Date "2018.12.09"]
[Round "1.1"]
[White "Williams, Simon K"]
[Black "Adams, Michael"]
[Result "1/2-1/2"]
[WhiteElo "2472"]
[BlackElo "2703"]
[Annotator "TA"]
[PlyCount "124"]
[EventDate "2018.12.09"]
[EventType "k.o."]
[EventCountry "ENG"]
[SourceTitle "playchess.com"]
[Source "ChessBase"]
[SourceQuality "1"]

{[%evp 13,124,8,17,-42,-19,-23,-4,-43,-26,-7,-17,-30,0,0,0,0,0,0,25,18,15,18,52,42,38,45,47,16,35,40,37,37,38,31,39,36,32,33,38,25,23,25,31,28,35,32,52,43,54,50,56,31,56,49,62,22,27,8,37,37,37,37,37,37,37,37,37,20,20,20,20,20,20,20,20,20,36,8,8,8,8,8,8,8,8,8,8,8,8,8,8,8,8,8,8,8,8,8,8,0,8,8,8,8,8,0,8,8,8,8,8,8,8]} 1. d4 Nf6 2. Nf3 d5 3. c4 e6 4. Nc3 Be7 5. Bg5 h6 6. Bh4 O-O 7. e3 Nbd7 {LiveBook: 667 Games} 8. g4 {D56: Queen's Gambit Declined: Lasker Defence} (8. Rc1 $11) (8. Rc1 c5 9. dxc5 Nxc5 10. cxd5 g5 11. Bg3 Nxd5 12. Nxd5 Qxd5 13. Qxd5 exd5 14. Nd4 Bd7 15. Be2 Rac8 16. O-O {½-½ (31) Ivanchuk,V (2710)-Yu,Y (2765) Batumi 2018}) 8... c5 $146 ({Predecessor:} 8... Ne4 9. Bxe7 Qxe7 10. cxd5 Nxc3 11. bxc3 exd5 12. Rg1 Nf6 13. g5 hxg5 14. Nxg5 Bf5 15. Bd3 Bxd3 16. Qxd3 {½-½ (37) Berta,S (2051)-Rudolf,A (2329) Budapest 2015}) 9. Rg1 cxd4 10. Nxd4 (10. Qxd4 {with more complications.} g5 11. Bg3 Bc5 12. Qd3 Bb4 13. Nd2) 10... Ne4 (10... dxc4 {is more complex.} 11. Bxc4 Ne5 12. Be2 Ng6 13. Bg3 e5) 11. Bxe7 Qxe7 12. cxd5 Nxc3 13. bxc3 exd5 14. g5 hxg5 15. Qh5 Nc5 16. Qxg5 Qxg5 17. Rxg5 f5 18. Bg2 Ne4 19. Bxe4 dxe4 20. Rb1 f4 21. Kd2 fxe3+ 22. Kxe3 Rf7 23. Rbg1 Bd7 24. Kxe4 Re8+ 25. Kd3 Ree7 26. f3 Rf6 27. Ra5 b5 28. Rg2 Bh3 29. Rf2 a6 30. a4 bxa4 31. Rxa4 Re5 32. Kd2 Rh6 33. f4 Reh5 34. f5 Rf6 35. Ke3 (35. Ra5 {looks sharper.} g6 36. c4 Bxf5 37. Kc3 Kf7 38. Rd5) 35... Bxf5 36. Nxf5 Rfxf5 37. Rxf5 Rxf5 38. Rxa6 $11 {[%mdl 4096] Endgame KR-KR} Rh5 39. Ra2 {Threatens to win with Rf2.} Kf7 40. Kd4 {aiming for Re2.} Ke6 41. Rg2 g5 42. Kc5 Kd7 43. Kd5 Rh4 44. Ke5 Rh3 45. Rc2 Rf3 $1 {The position is equal.} 46. c4 Rf4 47. Rd2+ Kc6 48. Rg2 Rxc4 49. Rxg5 Rh4 50. Rg2 Kd7 51. Kf6 $1 Rh6+ 52. Kg7 Rh4 53. Re2 Rh3 54. Kf7 Rh7+ 55. Kg6 Rh8 56. Kf7 Rh7+ 57. Kf6 Rh8 58. Ra2 Rh3 59. Re2 Rh8 60. Kf5 Rf8+ 61. Kg4 Rg8+ 62. Kf3 Re8 {Accuracy: White = 58%, Black = 71%.} 1/2-1/2

[Event "British KO-ch 2018"]
[Site "London"]
[Date "2018.12.09"]
[Round "1.2"]
[White "Adams, Michael"]
[Black "Williams, Simon K"]
[Result "1-0"]
[WhiteElo "2703"]
[BlackElo "2472"]
[Annotator "TA"]
[PlyCount "47"]
[EventDate "2018.12.09"]
[EventType "k.o."]
[EventCountry "ENG"]
[SourceTitle "playchess.com"]
[Source "ChessBase"]
[SourceQuality "1"]

{[%evp 23,47,42,46,25,38,45,55,45,139,114,127,128,236,227,356,343,633,511,681,655,1099,1053,1171,886,820,592]} 1. e4 c5 2. Nf3 Nc6 3. d4 cxd4 4. Nxd4 Nf6 5. Nc3 d6 6. Bg5 e6 7. Qd2 a6 8. O-O-O Bd7 9. f4 Be7 10. Nf3 b5 11. Bxf6 gxf6 12. Kb1 Qb6 {LiveBook: 147 Games. B69: Sicilian: Richter-Rauzer: 7...a6 8 0-0-0 Bd7 9 f4 Be7 10 Nf3 b5 11 Bxf6} 13. Ne2 {[#]} Na5 $146 ({Predecessor:} 13... O-O-O 14. f5 Kb8 15. Nf4 Bc8 16. Qe1 Rhe8 17. fxe6 fxe6 18. g3 Bf8 19. Bh3 Bg7 20. Rf1 {1-0 (48) Adams,M (2720)-Timman,J (2578) Wijk aan Zee 2004}) 14. f5 Nc4 {White is slightly better.} 15. Qh6 Rc8 (15... O-O-O $1 $14) 16. fxe6 fxe6 {[#]} 17. Nf4 $1 {aiming for Be2.} (17. Qg7 $6 Rf8 $11) 17... Nxb2 (17... Ne3 $16 {was called for.} 18. Rd2 e5) 18. Kxb2 $18 d5 (18... Qc5 $142 19. Qh5+ Qxh5 20. Nxh5 Rc5) 19. Nd4 ({Weaker is} 19. exd5 Qc5 $16) ({And not} 19. Qg7 Rf8 $11) 19... Bb4 $2 (19... Bc5 20. Ndxe6 {[%mdl 64] Decoy} (20. Qxf6 Rf8 $15) 20... Bxe6 21. Qxf6 {[%mdl 64] Double Attack} Ba3+ 22. Kb1 Rf8 23. Qxe6+ Qxe6 24. Nxe6 Rf2) 20. Kb1 {White is clearly winning.} Qd6 {Black hopes to continue with ...Ba3.} 21. Be2 e5 22. Qg7 Rf8 23. Bh5+ Kd8 {[#]} 24. Qxf8+ $1 {[%mdl 512] Accuracy: White = 74%, Black =  7%.} 1-0

[Event "British KO-ch 2018"]
[Site "London"]
[Date "2018.12.09"]
[Round "1.2"]
[White "McShane, Luke J"]
[Black "Hawkins, Jonathan"]
[Result "1-0"]
[WhiteElo "2664"]
[BlackElo "2583"]
[Annotator "TA"]
[PlyCount "69"]
[EventDate "2018.12.09"]
[EventType "k.o."]
[EventCountry "ENG"]
[SourceTitle "playchess.com"]
[Source "ChessBase"]
[SourceQuality "1"]

{[%evp 21,69,18,20,25,24,24,24,19,23,23,19,19,24,19,19,19,19,18,17,18,22,14,22,13,20,25,18,12,56,56,79,80,115,111,111,107,126,131,115,115,138,131,186,177,180,178,204,204,204,206]} 1. e4 e5 2. Nf3 Nf6 3. Nxe5 d6 4. Nf3 Nxe4 5. Nc3 Nxc3 6. dxc3 Be7 7. Be3 Nc6 8. Qd2 Be6 9. O-O-O {C42: Petroff Defence: 3 Nxe5 and unusual White 3rd moves} Qd7 10. Kb1 (10. c4 Bf6 11. Bg5 Qe7 12. Qf4 Ne5 13. Be2 Ng6 14. Qd2 h6 15. Bxf6 Qxf6 16. Nd4 O-O {1-0 (33) Grischuk,A (2766)-Duda,J (2737) chess.com INT 2018}) 10... Bf6 11. Be2 a6 {LiveBook: 3 Games} 12. Rhe1 O-O-O 13. Nd4 Nxd4 14. Bxd4 Bxd4 $146 ({Predecessor:} 14... Qe7 15. f4 c5 16. Bxf6 Qxf6 17. g4 Kc7 {1-0 (32) Pilzak,M (1974)-Adamczyk,P (1746) Szczyrk 2014}) 15. Qxd4 Qc6 16. Bf3 Qc4 17. Qxc4 Bxc4 18. Bg4+ Kb8 19. b3 Bb5 20. Re7 Rhf8 21. Rde1 $36 {[%mdl 2048] White has the initiative.} Rde8 22. Kc1 Bc6 23. g3 g6 24. Kd2 f5 25. Bd1 Rh8 26. Rg7 Re5 27. Rxe5 dxe5 $16 {[%mdl 4096] Endgame KRB-KRB} 28. Re7 e4 29. Be2 Kc8 30. Ke3 g5 31. Bc4 {White is clearly better.} Bd7 (31... Rf8 $16 {was called for.}) 32. Rg7 $18 h6 33. Kd4 Kd8 34. Rg8+ Rxg8 35. Bxg8 {Accuracy: White = 93%, Black = 54%.} 1-0

[Event "British KO-ch 2018"]
[Site "London"]
[Date "2018.12.09"]
[Round "1.2"]
[White "Haria, Ravi"]
[Black "Howell, David W L"]
[Result "1/2-1/2"]
[WhiteElo "2441"]
[BlackElo "2696"]
[Annotator "TA"]
[PlyCount "61"]
[EventDate "2018.12.09"]
[EventType "k.o."]
[EventCountry "ENG"]
[SourceTitle "playchess.com"]
[Source "ChessBase"]
[SourceQuality "1"]

{[%evp 22,61,51,27,27,9,12,0,0,0,0,0,0,0,0,0,0,0,0,0,0,-2,19,5,16,0,0,0,0,0,0,-7,-10,-6,-6,-20,0,-4,0,-14,-6,-11]} 1. Nf3 d5 2. g3 g6 3. Bg2 Bg7 4. d4 Nf6 5. O-O O-O 6. c4 dxc4 7. Na3 c3 8. bxc3 c5 9. Re1 {D77: Fianchetto Grünfeld: 6 0-0: Replies other than 6...c6} Nc6 10. Bb2 Qb6 (10... Nd5 11. Qc2 cxd4 12. Nxd4 Nf6 13. Nxc6 bxc6 14. c4 Bf5 15. Qc1 Qc7 16. Nc2 Rab8 {1-0 (39) Mamedyarov,S (2809)-Grischuk,A (2767) Berlin 2018}) 11. Nc4 Qa6 12. Ncd2 {LiveBook: 5 Games} Rd8 13. e4 Bg4 $1 {[#] The position is equal.} 14. Qb3 $146 ({Predecessor:} 14. h3 Bxf3 15. Nxf3 Nd7 16. Bf1 Qa5 {½-½ (35) Wen,Y (2618)-Zhao,Y (2195) Shijiazhuang 2015}) 14... e6 15. Bf1 Qb6 16. h3 Bxf3 17. Nxf3 cxd4 18. cxd4 Ne8 {[%cal Rc6d4]} 19. Rad1 Qxb3 20. axb3 Rac8 21. Ne5 Bf8 22. Nxc6 Rxc6 23. Bc4 Bg7 24. Rd2 Nd6 25. Bf1 Rb6 26. Re3 (26. Rd3 {feels hotter.} Nb5 27. e5 Nc7 28. Rc1 Nd5 29. Bg2) 26... Nb5 27. Bxb5 Rxb5 28. Red3 Kf8 29. Kf1 Ke8 30. Ba3 Ra5 31. Bb4 {Accuracy: White = 42%, Black = 79%.} 1/2-1/2

[Event "British KO-ch 2018"]
[Site "London"]
[Date "2018.12.09"]
[Round "1.2"]
[White "Merry, Alan B"]
[Black "Jones, Gawain C B"]
[Result "1/2-1/2"]
[WhiteElo "2429"]
[BlackElo "2682"]
[Annotator "TA"]
[PlyCount "99"]
[EventDate "2018.12.09"]
[EventType "k.o."]
[EventCountry "ENG"]
[SourceTitle "playchess.com"]
[Source "ChessBase"]
[SourceQuality "1"]

{[%evp 23,99,10,27,0,0,0,0,0,0,0,0,-1,-5,-10,-3,-3,0,-2,0,0,0,0,0,0,0,0,58,39,28,41,77,70,98,97,79,75,70,71,78,0,0,0,0,0,0,0,0,0,0,0,0,0,57,0,0,0,0,0,39,35,106,0,0,0,0,0,0,0,0,0,0,0,0,0,0,0,0,0]} 1. c4 c5 2. Nf3 Nc6 3. d4 cxd4 4. Nxd4 Nf6 5. Nc3 e6 6. a3 d5 7. cxd5 exd5 8. Bg5 Bc5 {A33: Symmetrical English: 2 Nf3 Nf6 3 d4 cxd4 4 Nxd4 e6 5 Nc3 Nc6} 9. e3 Bxd4 10. exd4 O-O 11. Be2 h6 12. Bh4 Qd6 {LiveBook: 5 Games} 13. O-O $146 ({Predecessor:} 13. Bg3 Qe7 14. O-O Bf5 15. Re1 Qd7 16. Bf3 {½-½ (33) Navara,D (2737)-Anand,V (2783) Saint Louis 2017}) 13... Qf4 14. Bxf6 Qxf6 15. Nxd5 Qd6 16. Bf3 Rd8 17. Re1 Be6 18. Ne3 Nxd4 19. Bxb7 Rab8 20. Bd5 $1 Qb6 (20... Qf4 {is interesting.} 21. Bxe6 Nxe6 22. Qc1 Rbc8 23. Qb1 Rd2) 21. Bxe6 $1 Nxe6 {[%cal Bd4e6,Be6c5,Bc5d3][%mdl 32]} 22. Qa4 Nc5 23. Qc2 Nd3 24. Reb1 Rd4 ({Better is} 24... Qb3 $11) 25. b4 Rbd8 26. Rd1 Qg6 27. Rd2 f5 {[%cal Bf7f5,Bf5f4,Bf4f3,Bf3g2][%mdl 32]} 28. Rad1 f4 29. Nc4 {Strongly threatening Nb2.} Qe6 30. h3 f3 {[#] ...fxg2 is the strong threat.} 31. Ne3 ({Worse is} 31. Rxd3 Qg6 $17) (31. Ne5 $1 $16 {[%cal Re5f3]} Nxb4 32. Rxd4 Rxd4 33. axb4 Qxe5 34. Qc8+ (34. gxf3 Qg5+ 35. Kh2 Rxb4 $11) 34... Kf7 35. Qb7+ Ke6 36. Qxf3) 31... fxg2 $1 $11 32. Qa2 $1 {[%cal Ra2e6]} Qxa2 33. Rxa2 Nf4 $1 34. Rxd4 Rxd4 {[%mdl 4096] Endgame KRN-KRN} 35. h4 Rd6 {[#] And now ...Rg6 would win.} 36. Nxg2 Rg6 37. f3 Kf7 (37... Rg3 $11) 38. Kf1 (38. Kh2 $14 Nxg2 39. Rxg2) 38... Nxg2 $1 39. Rxg2 {KR-KR} Rf6 40. Rf2 Rf4 41. Kg2 Rc4 (41... Rxh4 $14 42. Rc2 Ke6) 42. f4 (42. Rd2 $16) 42... Kf6 {The position is equal.} 43. Rf3 a5 44. bxa5 Ra4 45. Re3 Rxa5 46. Kf3 Ra4 47. h5 Kf5 48. Kg3 Ra7 49. Rb3 Ra4 50. Rb5+ {Accuracy: White = 77%, Black = 69%.} 1/2-1/2

[Event "British KO-ch 2018"]
[Site "London"]
[Date "2018.12.09"]
[Round "1.3"]
[White "Howell, David W L"]
[Black "Haria, Ravi"]
[Result "1-0"]
[WhiteElo "2696"]
[BlackElo "2441"]
[Annotator "TA"]
[PlyCount "79"]
[EventDate "2018.12.09"]
[EventType "k.o."]
[EventCountry "ENG"]
[SourceTitle "playchess.com"]
[Source "ChessBase"]
[SourceQuality "1"]

{[%evp 19,79,23,14,19,44,4,87,86,130,127,124,127,152,147,168,143,158,153,174,169,175,173,161,164,262,264,523,211,213,175,185,162,179,162,226,190,185,189,180,188,223,202,232,233,260,233,335,247,380,383,338,254,379,380,493,495,606,591,561,549,903,903]} 1. Nf3 Nf6 2. c4 e6 3. g3 d5 4. d4 Be7 5. Bg2 O-O 6. Nbd2 c5 7. cxd5 Nxd5 8. dxc5 Bxc5 9. O-O Nc6 10. a3 Be7 {LiveBook: 3 Games} 11. Nc4 {E06: Closed Catalan: Early deviations} (11. e4 Nb6 12. e5 Qd3 13. Re1 Rd8 14. Re3 Qf5 15. Qe1 Bd7 16. Re4 Be8 17. g4 Qg6 18. h4 h6 {0-1 (68) Khismatullin,D (2584)-Zontakh,A (2553) Voronezh 2006}) 11... Bf6 $146 ({Predecessor:} 11... Nb6 12. Qxd8 Rxd8 13. Nxb6 axb6 14. Be3 Bc5 15. Bxc5 bxc5 16. Rac1 Ra5 17. Rfd1 f6 18. Rxd8+ Nxd8 {1-0 (26) Granero Roca,A (2389)-Aymerich Rosell,P (2227) Valencia 2018}) 12. Qc2 Nb6 (12... b5 $11 13. Ne3 Bb7) 13. Rd1 $16 {White is better.} Qe7 {[#]} 14. Nxb6 $1 axb6 15. Be3 $40 {[%mdl 128] White wants a kill.} Qc7 16. Rac1 Bd7 17. Ng5 Bxg5 18. Bxg5 h6 19. Be3 Rfd8 20. Qb3 Ra6 21. Be4 b5 (21... Be8 {keeps fighting.} 22. Bd3 b5 23. Qxb5 (23. Bxb5 Rxd1+ 24. Qxd1 Ra8 $16) 23... Qb8) 22. Qxb5 $18 Rc8 $2 {[#]} (22... e5 23. b4 Nd4 24. Rxc7 (24. Qxa6 Qxc1 25. Qd3 Qc7 $18) 24... Bxb5 25. Bxd4 exd4 26. Rxd4 (26. Bxb7 Ra7 $16) 26... Re8) 23. Qb3 (23. Bf4 $142 Ra5 24. Bxc7 Rxb5 25. Rxd7) 23... Be8 24. h3 Raa8 25. Kh2 Qe7 26. Qb6 h5 (26... f6 $142 27. Kg1 Ra4) 27. Qc5 Qxc5 28. Rxc5 f6 29. f4 Kf8 30. Kg2 Ke7 31. Kf2 Rd8 32. Rdc1 Rac8 (32... Rd7 $142 33. R1c3 (33. Bxc6 bxc6 34. Rxc6 Rb7 $18) 33... Kf8 34. Bxc6 bxc6 35. Rxc6 Kf7) 33. Bf3 Rd6 (33... Kf8 $142 34. b4 Rb8 35. Bxh5 Ne7) 34. Rb5 Rd7 35. Bc5+ ({Weaker is} 35. Bxh5 Bxh5 36. Rxh5 Kf7 $18) 35... Kd8 (35... Kf7 {was worth a try.} 36. Bxh5+ g6) 36. a4 {[%cal Ba3a4,Ba4a5][%mdl 32]} Kc7 37. a5 {White is clearly winning.} Rd2 38. Bb6+ Kb8 39. Be3 Rd7 40. Rxc6 {Accuracy: White = 57%, Black = 17%.} 1-0

[Event "British KO-ch 2018"]
[Site "London"]
[Date "2018.12.09"]
[Round "1.4"]
[White "Haria, Ravi"]
[Black "Howell, David W L"]
[Result "0-1"]
[WhiteElo "2441"]
[BlackElo "2696"]
[Annotator "TA"]
[PlyCount "62"]
[EventDate "2018.12.09"]
[EventType "k.o."]
[EventCountry "ENG"]
[SourceTitle "playchess.com"]
[Source "ChessBase"]
[SourceQuality "1"]

{[%evp 22,62,16,5,21,12,15,-7,0,0,0,-38,-22,-22,0,-29,-10,-4,0,-13,0,-25,-22,-70,-71,-89,-39,-39,-38,-87,-86,-155,-157,-165,-147,-332,-312,-566,-568,-1269,-1237,-1625,-1002]} 1. Nf3 d5 2. g3 g6 3. Bg2 Bg7 4. d4 Nf6 {[%cal Bg8f6,Bf6e4,Be4d2][%mdl 32]} 5. O-O O-O 6. Nbd2 a5 7. c4 c6 8. b3 Bf5 9. Bb2 Ne4 10. Nh4 Nxd2 11. Qxd2 Be6 12. e4 {LiveBook: 4 Games. D78: Fianchetto Grünfeld: 6 0-0 c6} dxe4 13. Bxe4 a4 $146 ({Predecessor:} 13... Nd7 14. Rfe1 Nf6 15. Bg2 a4 16. Qb4 Qa5 17. Qxa5 Rxa5 18. Bc3 Ra6 19. Rad1 Rd8 {1-0 (34) Adly,A (2620)-Baglan,E (2305) Konya 2017}) 14. Rad1 {The position is equal.} axb3 15. axb3 Bg4 16. f3 Bh3 {White must now prevent ...f5.} 17. Rfe1 Nd7 18. Bb1 e6 19. Ng2 Bxg2 20. Kxg2 Qb6 21. Qe3 Qb4 22. h4 b5 $1 {[%cal Rb5c4]} 23. Rc1 bxc4 24. Rxc4 {[%mdl 64] [#] Double Attack} Qb5 25. Rec1 Nb6 26. Rc5 ({Better is} 26. Rxc6 Nd5 27. Qd2) 26... Nd5 $17 27. Qd2 Qxb3 {Threatens to win with ...Rfb8.} 28. Rxc6 $2 (28. Bc3 $17 {was called for.}) 28... Rfb8 $19 29. Kh3 $2 (29. Bc3 {only move.} Bf8 30. Kh3) 29... Qxf3 {...Rb3 is the strong threat.Black is clearly winning.} ({Inferior is} 29... Qxb2 {[#]} 30. Rc8+ $1 {[%mdl 512]} Rxc8 31. Rxc8+ (31. Qxb2 Rcb8 $11) 31... Rxc8 32. Qxb2 $14) 30. Re1 Rb3 {[%csl Gb3][%cal Rf3g3]} 31. Rg1 Rab8 {Accuracy: White =  5%, Black = 68%.} 0-1